Energy conservation: its planning and management (Record no. 38618)

000 -LEADER
fixed length control field 00381pab a2200157 454500
008 - FIXED-LENGTH DATA ELEMENTS--GENERAL INFORMATION
fixed length control field 180718b1998 xxu||||| |||| 00| 0 eng d
100 ## - MAIN ENTRY--PERSONAL NAME
Personal name Patil, B.B.
245 ## - TITLE STATEMENT
Title Energy conservation: its planning and management
260 ## - PUBLICATION, DISTRIBUTION, ETC.
Date of publication, distribution, etc. 1998
300 ## - PHYSICAL DESCRIPTION
Extent p.9-11,26
362 ## - DATES OF PUBLICATION AND/OR SEQUENTIAL DESIGNATION
Dates of publication and/or sequential designation Jul
650 ## - SUBJECT ADDED ENTRY--TOPICAL TERM
Topical term or geographic name entry element Energy conservation
700 ## - ADDED ENTRY--PERSONAL NAME
Personal name Patra, K.C.
773 ## - HOST ITEM ENTRY
Main entry heading Kurukshetra
909 ## -
-- 38618
Holdings
Withdrawn status Lost status Damaged status Not for loan Permanent Location Current Location Date acquired Serial Enumeration / chronology Barcode Date last seen Price effective from Koha item type
        Indian Institute of Public Administration Indian Institute of Public Administration 2018-07-19 Volume no: 46, Issue no: 10 AR38973 2018-07-19 2018-07-19 Articles

Powered by Koha